| 000 | 00489nam a2200157 i 4500 | ||
|---|---|---|---|
| 001 | 22863 | ||
| 003 | ES-MaACL | ||
| 005 | 20230906152752.0 | ||
| 007 | t| | ||
| 008 | 021205s1966 sp ||||1| spa d | ||
| 100 | 1 |
_aAluentosa García, Rafael. _920567 |
|
| 245 | 1 | 0 |
_aFray Humilde Soria Pons _b: ¿viudo? ¿por qué no? / _cpor Rafael Aluentosa García. |
| 260 |
_aSegorbe : _bPadres Franciscanos, _c[1966] |
||
| 300 |
_a317 p., 12 lám. ; _c22 cm. |
||
| 852 |
_aES-MaACL _jC-33268 _bR.64174 |
||
| 999 |
_c22863 _d22863 |
||